Quick Pick: Bigger Than the UK Quiz Stats

 Plays Quiz Updated Jun 4, 2019

Score 0/9 Timer 01:00
0 Plays Today
% Correct
Germany
94.2%
France
92.4%
Spain
86.2%
Ukraine
80.7%
Poland
80.7%
Sweden
77.1%
Norway
68.2%
Finland
64.2%
Italy
53.7%

Today's Daily Dose

Missing Word
Celine Dion

Word Ladder
Dr. Seuss Books

Quick Pick
Cities in India

Get the Picture
'A' Actresses

You're not logged in!

Compare scores with friends on all Sporcle quizzes.
OR
Log In

Sporcle TV

Today on Sporcle TV


Watch our educational content, quiz creation guides, and fun videos on Sporcle TV.

Show Comments

Extras

Top Quizzes Today


Score Distribution

Your Account Isn't Verified!

In order to create a playlist on Sporcle, you need to verify the email address you used during registration. Go to your Sporcle Settings to finish the process.

Report this User

Report this user for behavior that violates our Community Guidelines.

Details: